The European Union encyclopedia and directory 1999
Αποθηκεύτηκε σε:
| Μορφή: | Βιβλίο |
|---|---|
| Γλώσσα: | English |
| Δημοσίευση: |
London :
Europa Publications,
c1999
|
| Έκδοση: | 3rd ed. |
| Θέματα: | |
| Ετικέτες: |
Προσθήκη ετικέτας
Δεν υπάρχουν, Καταχωρήστε ετικέτα πρώτοι!
|
MARC
| LEADER | 00000nam a2200000 i 4500 | ||
|---|---|---|---|
| 001 | 1/100327 | ||
| 008 | 000201s1999 eng d | ||
| 020 | |a 1-85743-056-5 | ||
| 035 | |l 10057234 | ||
| 040 | |a GR-MY-UA |b gre |e aacr | ||
| 041 | 0 | |a eng | |
| 082 | 0 | |a 341.2422025 | |
| 245 | 1 | 4 | |a The European Union encyclopedia and directory 1999 |
| 250 | |a 3rd ed. | ||
| 260 | |a London : |b Europa Publications, |c c1999 | ||
| 300 | |a xxiii, 520 σ.; |b εικ.; |c 29 εκ. | ||
| 504 | |a Περιέχει βιβλιογραφικές παραπομπές | ||
| 651 | 0 | |a European Union countries |v Periodicals. | |
| 852 | |a INST |b LESVOS |e 20000201 |h 341.2422025 EUR |p 005100021962 |q 005100021962 |t REF |y 23 | ||
| 901 | |a BIBL1-2000-1 | ||
| 909 | |a Λ |b 072677 | ||
| 922 | |a 1ΕΛΗ |b 199912 |c ΚΠΣ/ΚΥΒ |d LEADER | ||
| 950 | |a 023-1998-09-14 | ||
| 970 | |a ΤΖΑΦΕΡΗ |b ΕΥΑΓΓΕΛΙΑ |z 2000/02/02 | ||